| 000 | 00521cam a22002171 4500 | ||
|---|---|---|---|
| 001 | sa 63003617 | ||
| 003 | DLC | ||
| 005 | 20260227111943.0 | ||
| 008 | 911023s1962 ii 000 1 pano | ||
| 010 | _asa 63003617 | ||
| 035 | _a(OCoLC)24611558 | ||
| 040 |
_aDLC _cWaU _dDLC |
||
| 042 | _apremarc | ||
| 050 | 0 | 0 |
_aPK2658 _b.N5 |
| 100 | 1 | _aNirālā, Jogindara Siṅgha. | |
| 245 | 1 | 0 | _aKākaṛe-bera. |
| 260 | _c[1962] | ||
| 300 |
_a130 p. _c19 cm. |
||
| 500 | _aIn Panjabi. | ||
| 650 | 0 | _aShort stories, Panjabi. | |
| 999 |
_c55202 _d55202 |
||